| 000 | 01209na a2200337 4500 | ||
|---|---|---|---|
| 001 | 22799 | ||
| 003 | MIRAKIL | ||
| 005 | 20181213155030.0 | ||
| 008 | 170226b tu 000 0 | ||
| 040 |
_aMilas _btur _cTR-AnCHP |
||
| 041 | _atur | ||
| 082 |
_aCHP 337.142 _bC36a [t.y.] |
||
| 090 | _aCHP 337.142 C36a [t.y.] | ||
| 092 | _aRAPORLAR-DIŞ POLİTİKA-AB | ||
| 110 |
_aCumhuriyet Halk Partisi (CHP) _bAraştırma ve Proje Merkezi (APM) _bÇalışma Grubu A2 |
||
| 222 | _aAvrupa Birliği raporları | ||
| 245 |
_aAvrupa Birliği politikaları görev tanımlaması _cCumhuriyet Halk Partisi Merkez Yönetim Kurulu Çalışma Grubu |
||
| 246 | _aCHP Avrupa Birliği politikaları | ||
| 260 |
_aAnkara _bCHP _c[t.y.] |
||
| 300 |
_a3 s. _c30 |
||
| 440 |
_aCumhuriyet Halk Partisi yayınları _pRaporlar |
||
| 610 |
_aCHP _xDış politika _yAvrupa Birliği |
||
| 610 |
_aCHP _xAB politikaları |
||
| 610 |
_aCHP _xAB üyelik süreci _yRaporlar |
||
| 651 |
_aTürkiye _xDış ilişkiler _zAvrupa Birliği |
||
| 651 |
_aTürkiye _xAB üyelik süreci _yRaporlar |
||
| 740 | _aCHP Avrupa Birliği raporları | ||
| 830 | _aCHP raporları | ||
| 942 |
_2ddc _cBKS |
||
| 999 |
_c5194 _d5194 |
||